[Event "68th ch-BUL"]
[Site "Sofia BUL"]
[Date "2004.05.03"]
[Round "12"]
[White "Genov,Peta"]
[Black "Iotov,V"]
[Result "1-0"]
[WhiteElo "2483"]
[BlackElo "2342"]
[EventDate "2004.04.24"]

1. d4 Nf6 2. c4 e6 3. Nf3 b6 4. g3 Ba6 5. b3 Bb7 6. Bg2 Bb4+ 7. Bd2 a5 8.
O-O O-O 9. Qc2 h6 10. a3 Be7 11. Nc3 d5 12. cxd5 exd5 13. Rfd1 Na6 14. Bf4
Qd7 15. Ne5 Qe6 16. Nd3 c5 17. Be5 Qf5 18. Qb2 Rfd8 19. Na4 Nd7 20. dxc5
Nxe5 21. Qxe5 Qxe5 22. Nxe5 Bxc5 23. Nc4 b5 24. Nxa5 bxa4 25. Nxb7 axb3 26.
Bxd5 b2 27. Rab1 Rxd5 28. Rxd5 Bxa3 29. Kg2 Rc8 30. Ra5 Rc1 31. Rxb2 Bxb2
32. Rxa6 Be5 33. Ra5 Rc7 34. Nc5 Bc3 35. Rb5 Bd4 36. Nd3 g6 37. g4 Kg7 38.
Rd5 Bf6 39. Kg3 Re7 40. e3 Bc3 41. h4 Ra7 42. h5 Rb7 43. hxg6 fxg6 44. Nf4
Bf6 45. Rd6 Kf7 46. Rd5 Re7 47. Nd3 Ra7 48. f4 Ra3 49. Kf3 Ra1 50. Rd7+ Kf8
51. f5 gxf5 52. gxf5 Rf1+ 53. Ke4 h5 54. Nf4 h4 55. Rh7 Kg8 56. Rh6 Kf7 57.
Nd5 Bg5 58. Rh7+ Kg8 59. Rh5 Bd8 60. Ke5 Kf7 61. e4 Re1 62. f6 Rf1 63. Rxh4
Rxf6 64. Rh7+ Kg6 65. Nxf6 Bxf6+ 66. Ke6 Bc3 67. Rh3 1-0

[Event "68th ch-BUL"]
[Site "Sofia BUL"]
[Date "2004.05.03"]
[Round "12"]
[White "Rusev,K"]
[Black "Grigorov,G"]
[Result "0-1"]
[WhiteElo "2395"]
[BlackElo "2275"]
[EventDate "2004.04.24"]

1. c4 e6 2. d4 d5 3. Bf4 dxc4 4. e3 b5 5. a4 c6 6. Nc3 b4 7. Nb1 c3 8. bxc3
bxc3 9. Nxc3 Bb4 10. Qb3 a5 11. Bc4 Nf6 12. Nge2 Nd5 13. O-O Nxf4 14. Nxf4
O-O 15. Nd3 Bd6 16. g3 Na6 17. Ne4 Rb8 18. Qc3 Nb4 19. Nxd6 Qxd6 20. Nc5
Kh8 21. Be2 f6 22. Rad1 Qe7 23. f4 Nd5 24. Qc1 e5 25. fxe5 Bh3 26. exf6
Nxf6 27. Rf3 Ne4 28. Nd3 Nc3 29. Qxc3 Rxf3 30. Ne5 Rf6 31. Qxa5 Qa3 32. Nc4
Qb3 33. Re1 Rff8 34. e4 Qc2 35. Qh5 Be6 36. d5 cxd5 37. exd5 Qc3 38. Rd1
Bf5 39. Qf3 Qb4 40. Qa3 Qb7 41. Qe3 Bc2 42. Rc1 Bxa4 43. Qd4 Bb5 44. Rd1
Qa6 45. Ra1 Qc8 46. Bd3 Qh3 47. d6 Bc6 48. Ne3 Rf2 49. Qh4 Rg2+ 50. Kh1
Rxh2+ 51. Kg1 Rh1+ 0-1

[Event "68th ch-BUL"]
[Site "Sofia BUL"]
[Date "2004.05.03"]
[Round "12"]
[White "Spasov,V"]
[Black "Chatalbashev,B"]
[Result "1/2-1/2"]
[WhiteElo "2542"]
[BlackElo "2543"]
[EventDate "2004.04.24"]

1. e4 c5 2. Nf3 Nc6 3. Bb5 g6 4. c3 Nf6 5. e5 Nd5 6. d4 cxd4 7. Qb3 Nc7 8.
Bc4 e6 9. cxd4 Na5 10. Qc2 Nxc4 11. Qxc4 b5 12. Qb3 Bb7 13. O-O Bd5 14. Qd1
b4 15. Bg5 Bxf3 16. Bxd8 Bxd1 17. Bxc7 Be2 18. Re1 Rc8 19. Rxe2 Rxc7 20.
Nd2 Rc2 21. Kf1 Rxb2 22. Ne4 Rxe2 23. Kxe2 d5 24. exd6 f5 25. Nc5 Bxd6 26.
a3 Bxc5 27. dxc5 b3 1/2-1/2

[Event "68th ch-BUL"]
[Site "Sofia BUL"]
[Date "2004.05.03"]
[Round "12"]
[White "Cheparinov,I"]
[Black "Bratanov,Z"]
[Result "1/2-1/2"]
[WhiteElo "2555"]
[BlackElo "2427"]
[EventDate "2004.04.24"]

1. e4 e5 2. Nf3 Nc6 3. Bb5 Nf6 4. d3 d6 5. O-O g6 6. Re1 Bg7 7. c3 O-O 8.
Nbd2 Nd7 9. Nf1 Nb6 10. Bg5 f6 11. Bh4 Ne7 12. d4 c6 13. Qb3+ Kh8 14. Be2
Qc7 15. a4 Bd7 16. a5 Nbc8 17. Ne3 Be8 18. Red1 Rb8 19. dxe5 dxe5 20. Qa3
Ng8 21. Nc4 Bf7 22. Bg3 Re8 23. h4 Bf8 24. b4 Kg7 25. Rd2 b5 26. axb6 Nxb6
27. Ncxe5 fxe5 28. Nxe5 Rxe5 29. Qxa7 Bd6 30. Qxc7 Bxc7 31. Ra7 Rbe8 32.
Rxc7 Rxe4 33. Bf3 Nc4 34. Rdd7 R4e7 35. Bxc6 Rxd7 36. Rxd7 Re1+ 37. Kh2 Nf6
38. Rd4 Rc1 39. b5 Rxc3 40. Bc7 Be6 41. Bf3 Rb3 1/2-1/2

[Event "68th ch-BUL"]
[Site "Sofia BUL"]
[Date "2004.05.04"]
[Round "13"]
[White "Grigorov,G"]
[Black "Spasov,V"]
[Result "1-0"]
[WhiteElo "2275"]
[BlackElo "2542"]
[EventDate "2004.04.24"]

1. d4 Nf6 2. c4 g6 3. Nc3 Bg7 4. e4 d6 5. Be2 O-O 6. Bg5 Na6 7. f4 c6 8.
Nf3 Nc7 9. Bh4 d5 10. e5 Ne4 11. O-O Bf5 12. Nxe4 dxe4 13. Ne1 b5 14. b3
bxc4 15. bxc4 Ne6 16. d5 cxd5 17. cxd5 Nxf4 18. Rxf4 Bxe5 19. Rf1 Qd6 20.
Rc1 Bxh2+ 21. Kh1 Bg3 22. Bxg3 Qxg3 23. Qd4 Rac8 24. Bc4 Qd6 25. Nc2 Rc7
26. Ne3 Rfc8 27. Rcd1 Qg3 28. d6 exd6 29. Ba6 Rb8 30. Nxf5 gxf5 31. Rxf5
Re8 32. Qf6 Re5 33. Rb1 1-0

[Event "68th ch-BUL"]
[Site "Sofia BUL"]
[Date "2004.05.04"]
[Round "13"]
[White "Iotov,V"]
[Black "Rusev,K"]
[Result "0-1"]
[WhiteElo "2342"]
[BlackElo "2395"]
[EventDate "2004.04.24"]

1. d4 d5 2. Nf3 c6 3. c4 Nf6 4. Nc3 a6 5. c5 Nbd7 6. Bf4 Nh5 7. Bd2 g6 8.
e4 dxe4 9. Nxe4 Ndf6 10. Nxf6+ exf6 11. Bc4 Qe7+ 12. Be3 Bh6 13. Qb3 O-O
14. O-O Bxe3 15. fxe3 f5 16. Rae1 Nf6 17. Nd2 Be6 18. Bxe6 Qxe6 19. Qxe6
fxe6 20. e4 Rad8 21. e5 Ne8 22. Nb3 Rf7 23. Rd1 Rfd7 24. Rd3 Nc7 25. Rfd1
Nd5 26. a3 f4 27. Kf2 g5 28. h3 Kg7 29. Kf3 Kg6 30. Ke4 Ne3 31. R1d2 h5 32.
Rxe3 fxe3 33. Kxe3 Rf8 34. Na5 g4 35. hxg4 h4 36. Nc4 Kh6 37. g3 Rg7 38.
Rh2 Rxg4 39. Rxh4+ Kg5 40. Rxg4+ Kxg4 41. Nd6 Rb8 42. Ne4 Rh8 43. Kd3 Kf3
44. b4 Rg8 45. Nd6 Rg7 46. Ne4 Re7 47. a4 Rg7 48. Nd6 Kxg3 49. Ke3 Kg4 50.
b5 Rh7 51. Ke4 Kg5 52. Nxb7 axb5 53. axb5 cxb5 54. Nd6 b4 55. Nc4 Rh3 56.
d5 Rh4+ 57. Kd3 exd5 58. Nd2 Kf5 59. c6 Rh6 60. Nf3 Kf4 61. c7 Rh8 62. Nd4
Kxe5 63. Nc6+ Kd6 64. Nxb4 Kc5 65. Na6+ Kb5 66. Nb8 Kb6 67. Nd7+ Kxc7 68.
Nf6 Kd6 69. Kd4 Rh4+ 70. Kd3 Ke6 71. Ne8 Rh7 72. Kd4 Re7 0-1

[Event "68th ch-BUL"]
[Site "Sofia BUL"]
[Date "2004.05.04"]
[Round "13"]
[White "Nikolov,M"]
[Black "Genov,Peta"]
[Result "0-1"]
[WhiteElo "2364"]
[BlackElo "2483"]
[EventDate "2004.04.24"]

1. e4 c5 2. Nf3 d6 3. d4 cxd4 4. Nxd4 Nf6 5. Nc3 a6 6. Be2 e6 7. O-O Qc7 8.
f4 Nc6 9. Be3 Be7 10. Kh1 O-O 11. Qe1 Nxd4 12. Bxd4 b5 13. a3 Bb7 14. Qg3
g6 15. f5 e5 16. Be3 d5 17. exd5 Nxd5 18. Nxd5 Bxd5 19. f6 Bc5 20. Bf3 Bxf3
21. Rxf3 Rfe8 22. Bxc5 Qxc5 23. Qg5 Rad8 24. Raf1 Re6 25. h4 Qf8 26. h5 h6
27. Qe3 g5 28. Rf5 e4 29. Re1 Rdd6 30. Ref1 Kh8 31. Rc5 Qd8 32. Rcf5 Rd1
33. b3 Qd4 34. Qe2 Rxf1+ 35. Rxf1 e3 36. c4 bxc4 37. bxc4 Re4 38. Rd1 Qxf6
39. Kg1 Qe5 40. Rd5 Qa1+ 41. Kh2 Kg7 42. c5 Re5 43. Rd3 Qc1 44. c6 Re4 45.
g3 Rc4 46. Qxe3 Rc2+ 47. Kh3 Qf1+ 48. Kg4 f5+ 0-1

[Event "68th ch-BUL"]
[Site "Sofia BUL"]
[Date "2004.05.04"]
[Round "13"]
[White "Kolev,At"]
[Black "Georgiev,Kr"]
[Result "1/2-1/2"]
[WhiteElo "2540"]
[BlackElo "2461"]
[EventDate "2004.04.24"]

1. e4 c5 2. Nf3 d6 3. d4 cxd4 4. Nxd4 Nf6 5. Nc3 Bd7 6. Bg5 e6 7. Qd2 a6 8.
f4 Nc6 9. O-O-O b5 10. Bxf6 gxf6 11. Kb1 Rc8 12. Nxc6 Bxc6 13. Bd3 Bb7 14.
Rhe1 Rc5 15. Qe3 Qc7 16. Ne2 Bg7 17. Qh3 d5 18. exd5 Bxd5 19. f5 Qe7 20.
Nc1 e5 1/2-1/2